000 00609nam a2200181 i 4500
001 90264
003 ES-MaACL
005 20230906180409.0
007 t|
008 050119s1921 fr ||||1| fre d
100 1 _aLegeay, J.
_971268
245 1 4 _aDes prélèvements leur technique en vue des examens bacteriológiques, chimiques, parasitologiques et biologiques les plus couramment utilisés /
_cpar A. Liot ; préface de M. Louste.
260 _aParis :
_bVigot Frères,
_c1921.
300 _aIII, 96 p. ;
_c25 cm.
700 1 _aLiot, A.
_972490
700 1 _aLouste.
_974334
852 _aES-MaACL
_jE-1377
999 _c90264
_d90264